000 00497nam a22001697a 4500
003 OSt
005 20260202114743.0
008 260202b |||||||| |||| 00| 0 eng d
040 _cMRSPTU
041 _aENG
100 _aUmesh Kumar Sharma, Supervisor : Dr. Bal Krishan
245 _aFlood Protection Management
260 _bDepartment of CSE, MRSPTU, Bathinda
_c2014
650 _aCivil Engineering
856 _uhttp://163.47.215.52:8080/jspui/handle/123456789/1013
942 _2ddc
_cTH
_n0
999 _c10821
_d10821